| 000 | 00467nam a2200193Ia 4500 | ||
|---|---|---|---|
| 003 | 0100 | ||
| 008 | 130303s9999 xx 000 0 und d | ||
| 040 | _cARRUPELIB | ||
| 050 | _aHQ766.3.N615 | ||
| 245 | 4 | _aThe Morality of abortion | |
| 245 | _blegal and historical perspectives | ||
| 260 | _aCambridge | ||
| 260 | _bHavard University Press | ||
| 260 | _C1970 | ||
| 300 | _a276p. | ||
| 300 | _b 23 cm | ||
| 700 | _aNoonan, John T. (ed.) | ||
| 942 |
_2lcc _02 |
||
| 999 |
_c67179 _d67179 |
||